LDR 00877naa#a2200169#i#450# 001 RU\\bibl\121386 005 20260429235241.3 011 ## _a1994-4683 100 ## _a20230531b2023####ek#y0rusy0150####ca 102 ## _aRU 200 1# _aФИЗИЧЕСКАЯ ПОДГОТОВКА ТРИАТЛОНИСТОВ-ЮНИОРОВ В БАЗОВОМ МЕЗОЦИКЛЕ _eЖурнальная статья 210 1# _aМосква _cНациональный государственный Университет физической культуры, спорта и здоровья им. П.Ф. Лесгафта _d2023 215 ## _a4 с. 608 ## _aЖурнальная статья _2local 675 ## _aСпортивная тренировка. Методика. Нагрузка. Спортивные результаты. 796.015 _z 700 #1 _aАнтипина _gЮ В 856 4# _auchzapiski.lesgaft.spb.ru _u